02097cam a22005054i 4500003000900000005001700009008004100026020001500067020001800082035002700100040003300127041001300160049000900173082002100182100003900203245007800242264003500320300005500355336002100410337002500431338002300456504003300479505041500512526001000927526001000937526001000947526001000957526000800967526000800975526000800983526000800991526000800999526000801007526000801015534005101023541001701074650002501091910002801116942001401144994001401158596000601172999017701178980005501355952018101410PE-LiUPU20250731173315.0150625s2003 miua r 001 0 spa d a0825416965 a9780825416965 a(Sirsi) i9780825416965 aPE-LiUPUbspacPE-LiUPUerda1 aspaheng aPRUA04a296.419bS832211 aStrong, James,d1822-1894,eautor.13aEl tabernáculo de Israel :bsu estructura y simbolismo /cJames Strong. 1aMichigan :bPortavoz,c[2003]. a159 páginas :bilustraciones ;c24 centímetros atext2rdacontent aunmediated2rdamedia avolume2rdacarrier aÍndice: páginas 151-159.0 aLa historia del tabernáculo -- La estructura del tabernáculo -- El atrio. -El santuario -- El transporte -- La posición de las tribus -- El lugar santísimo -- Las vestiduras sacerdotales -- El simbolismo del tabernáculo -- El significado de los números -- El simbolismo de los colores -- Aspectos externos de los artículos del tabernáculo -- El decálogo -- Indice de textos de las escrituras. aSEG42 aSEG41 aSEG40 aSEG39 aP94 aP87 aP86 aP85 aP77 aP76 aP35 pTítulo original :tThe tabernacle of Israel. g001-0000127;04aTabernáculo.94245 adbmbjpccjpcd20190517 2ddccBOOK aC0bPEPRU a1 a296.419 S83wDEWEYc45665i56418d45665e2019-7-17f2021-11-11g5lCCODEBUL1mBULn6p9.99q10r0sYtBOOKu2015-6-25xTEOLOGIAPP350COMPRAo.STAFF. Colección Teología 81gALBERTO SANCHEZ Responsable de Automatización r2025-12-02 00:00:00i6l7o296.419 S83p56418s2023-08-28te1v14.99w2015-06-25xFTyBKzinventario-2023-12-13102ddc50708GENfP35aBULbBULcGENd2015-06-25eCOMPRAg9.99